[Event "Wch U14 Girls"]
[Site "Porto Carras"]
[Date "2018.10.28"]
[Round "9.34"]
[White "Kong, Sydney"]
[Black "Tamrazyan, Gohar"]
[Result "1/2-1/2"]
[WhiteElo "1659"]
[BlackElo "1824"]
[PlyCount "100"]
[EventDate "2018.10.20"]
[EventType "swiss"]
[EventRounds "11"]
[EventCountry "GRE"]
[SourceTitle "CBM 187 Extra"]
[Source "ChessBase"]
[SourceDate "2018.11.04"]
[SourceVersion "1"]
[SourceVersionDate "2018.11.04"]
[SourceQuality "1"]

1. e4 c5 2. Nf3 Nc6 3. d4 cxd4 4. Nxd4 e5 5. Nf5 d6 6. Ne3 Nge7 7. Bc4 Ng6 8. Nc3 Be6 9. Ned5 Be7 10. Be3 0-0 11. Qd2 Nh4 12. f3 Rc8 13. Nxe7+ Nxe7 14. Bxe6 fxe6 15. Qf2 Nc6 16. Qd2 Ng6 17. 0-0-0 Nf4 18. Bxf4 exf4 19. Qxd6 Qxd6 20. Rxd6 e5 21. Rd7 Rf7 22. Rhd1 Nd4 23. Rd5 Re7 24. Rd2 Kf7 25. Nb5 Nxb5 26. Rxb5 Rc6 27. Rdd5 a6 28. Rbc5 Rxc5 29. Rxc5 Kf6 30. Kd2 g5 31. c4 Rg7 32. h3 h5 33. Ke2 g4 34. hxg4 hxg4 35. fxg4 Rxg4 36. Kf2 Rg7 37. Rd5 Ke6 38. Rd3 Rc7 39. Rc3 Rd7 40. Kf3 Rd4 41. Rb3 Rxc4 42. Rxb7 Rc2 43. g3 fxg3 44. Kxg3 Kd6 45. Rb3 Rd2 46. Kf3 Kc5 47. Ke3 Rh2 48. Rb8 Rh3+ 49. Kd2 Rh4 50. Kd3 Rh3+ 1/2-1/2